000 00400nam a2200157Ia 4500
008 230312s9999||||xx |||||||||||||| ||und||
020 _a0-07-058621-7
082 _a658.3125
_bMAX-P
100 _aMax Douglas
245 0 _aPerfect Phrases for Performance Reviews
260 _bTata McGraw Hill
_aNew York
_c2003
300 _a176
546 _aEng.
650 _aManagement
_vLegal Issues
942 _cBK
999 _c562
_d562